Tribhuvan University Central Library

Geo-hydrological processes in the middle mountains of Nepal; a case study of Andheri Khola Watershed in Kabhrepalanchok District (Record no. 13064)

MARC details
000 -LEADER
fixed length control field 007410000a22002650004500
082 ## - DEWEY DECIMAL CLASSIFICATION NUMBER
Classification number 551.48
Item number P195g
-- D
041 ## - LANGUAGE CODE
Language code of text/sound track or separate title Eng
100 ## - MAIN ENTRY--PERSONAL NAME
Personal name Pant, Bhaskar Datt
245 ## - TITLE STATEMENT
Title Geo-hydrological processes in the middle mountains of Nepal; a case study of Andheri Khola Watershed in Kabhrepalanchok District
260 ## - PUBLICATION, DISTRIBUTION, ETC. (IMPRINT)
Place of publication, distribution, etc Kathmandu, Nepal
260 ## - PUBLICATION, DISTRIBUTION, ETC. (IMPRINT)
Date of publication, distribution, etc 1997
300 ## - PHYSICAL DESCRIPTION
Extent 43p.
Other physical details illus
500 ## - GENERAL NOTE
General note Include bibliographies
518 ## - DATE/TIME AND PLACE OF AN EVENT NOTE
Date/time and place of an event note 980114
530 ## - ADDITIONAL PHYSICAL FORM AVAILABLE NOTE
Additional physical form available note Dis
502 ## - DISSERTATION NOTE
Dissertation note Dissertation
-- Degree in Geology, Tribhuvan University
650 ## - SUBJECT ADDED ENTRY--TOPICAL TERM
Topical term or geographic name as entry element Hydrology
650 ## - SUBJECT ADDED ENTRY--TOPICAL TERM
Topical term or geographic name as entry element Hydrogeology
650 ## - SUBJECT ADDED ENTRY--TOPICAL TERM
Topical term or geographic name as entry element Rain
650 ## - SUBJECT ADDED ENTRY--TOPICAL TERM
Topical term or geographic name as entry element Soil erosion
651 ## - SUBJECT ADDED ENTRY--GEOGRAPHIC NAME
Geographic name Nepal
651 ## - SUBJECT ADDED ENTRY--GEOGRAPHIC NAME
Geographic name Kabhrepalanchok
650 ## - SUBJECT ADDED ENTRY--TOPICAL TERM
Topical term or geographic name as entry element Andheri Khola Watershed
942 ## - ADDED ENTRY ELEMENTS (KOHA)
Koha item type General Collections
Holdings
Withdrawn status Lost status Damaged status Not for loan Home library Current library Date acquired Total Checkouts Barcode Date last seen Price effective from
        Tribhuvan University Central Library Tribhuvan University Central Library 06/20/2010   D5045 06/20/2010 06/20/2010